00276nam a2200109Ia 4500008004100000082002100041100001900062245003100081260003800112300000800150650000800158240116s9999 xx 000 0 und d a347.30712bKHA-I aKhatak, Masood 0aIntroduction to linguation aPakistanbFederal law housec2021 a954 aLaw